| 000 | 00000nam 2200000za 4500 |
| 001 | 9.856593 |
| 003 | CaOODSP |
| 005 | 20250912114419 |
| 007 | cr ||||||||||| |
| 008 | 180515s2018 onc o f000 0 eng d |
| 040 | |aCaOODSP|beng |
| 043 | |an-cn--- |
| 086 | 1 |aRv55-8/2-5-11-2018E-PDF |
| 245 | 00|aGuidelines for commercial air carriers for the processing of prescribed traveller information |h[electronic resource]. |
| 250 | |a[April 17, 2018 edition]. |
| 260 | |aOttawa : |bCanada Border Services Agency, |c2018. |
| 300 | |a12 p. |
| 490 | 1 |aMemorandum, |x2369-2391 ; |vD2-5-11 |
| 500 | |aIssued also in French under title: Lignes directrices à l’intention des transporteurs aériens commerciaux pour le traitement des renseignements réglementaires relatifs aux voyageurs. |
| 500 | |aCaption title. |
| 500 | |a"Ottawa, April 17, 2018." |
| 500 | |a"Superseded Memorandum D: D2-5-11, April 22, 2016." |
| 520 | |a"This memorandum outlines the Canada Border Services Agency’s (CBSA) requirements and administrative policies regarding the provision of prescribed Advance Passenger Information (API) and Passenger Name Record (PNR) information with respect to persons being transported to Canada by commercial air carriers"--In brief, p. [1]. |
| 693 | 4|aAirline passenger security screening |
| 693 | 4|aPersonal information management |
| 710 | 2 |aCanada Border Services Agency. |
| 775 | 08|tLignes directrices à l’intention des transporteurs aériens commerciaux pour le traitement des renseignements réglementaires relatifs aux voyageurs |w(CaOODSP)9.856598 |
| 794 | |tGuidelines for commercial air carriers for the processing of prescribed traveller information.|b[August 21, 2020 edition]|w(CaOODSP)9.901654 |
| 795 | |tAdministrative and operational guidelines for commercial air-mode carriers for the processing of prescribed traveller information pursuant to the requirements of the Canada Border Services Agency |b[April 22, 2016 edition]|w(CaOODSP)9.816620 |
| 830 | #0|aMemorandum (Canada Border Services Agency)|x2369-2391 ; |vD2-5-11.|w(CaOODSP)9.816825 |
| 856 | 40|qPDF|s202 KB|uhttps://publications.gc.ca/collections/collection_2018/asfc-cbsa/Rv55-8-2-5-11-2018-eng.pdf |